000 00591nam a2200229Ia 4500
003 OSt
005 20220924132359.0
006 a|||||r|||| 00| 0
007 ta
008 220923b |||||||| |||| 00| 0 tel d
024 _a45974
037 _cTextual
040 _aARTS
_cARTS
_btel
041 _2tel
_atel
082 _aO35v2, 111G0
100 _aBhujanga Rao Raja M
_9204211
245 0 _aHistory of Telugu literature
260 _c1880
650 _aTELUGU LITERATURE
942 _hO35v2, 111G0
_cTEXL
_2CC
999 _c430089
_d430089